| Tag |
First Indicator |
Second Indicator |
Subfields |
| LEADER |
00000nam a2200000 i 4500 |
| 001 |
in00004792508 |
| 003 |
OCoLC |
| 005 |
20240503102923.5 |
| 006 |
m o d |
| 007 |
cr cnu---unuuu |
| 008 |
240205s2024 paua ob 001 0 eng |
| 010 |
|
|
|a 2024002063
|
| 024 |
8 |
|
|a 40032307478
|
| 040 |
|
|
|a DLC
|b eng
|e rda
|c DLC
|d OCLCO
|d YDX
|
| 020 |
|
|
|a 9798369311998
|q electronic book
|
| 020 |
|
|
|z 9798369311981
|q hardcover
|
| 035 |
|
|
|a (OCoLC)1425946448
|
| 042 |
|
|
|a pcc
|
| 050 |
|
4 |
|a HD30.4
|b .G46 2024
|
| 082 |
0 |
0 |
|a 658.500285/63
|2 23/eng/20240309
|
| 245 |
0 |
0 |
|a Generative AI and multifactor productivity in business /
|c Festus Fatai Adedoyin, Bryan Christiansen.
|
| 246 |
3 |
0 |
|a Generative artificial intelligence and multifactor productivity in business
|
| 264 |
|
1 |
|a Hershey, PA :
|b Business Science Reference, an imprint of IGI Global,
|c [2024]
|
| 300 |
|
|
|a 1 online resource ( xviii, 284 pages) :
|b illustrations (some color).
|
| 336 |
|
|
|a text
|b txt
|2 rdacontent
|
| 337 |
|
|
|a computer
|b c
|2 rdamedia
|
| 338 |
|
|
|a online resource
|b cr
|2 rdacarrier
|
| 490 |
1 |
|
|a Advances in logistics, operations, and management science (ALOMS) book series
|
| 504 |
|
|
|a Includes bibliographical references and index.
|
| 588 |
|
|
|a Description based on online resource; title from digital title page (viewed on May 03, 2024).
|
| 650 |
|
0 |
|a Business
|x Research.
|
| 650 |
|
0 |
|a Artificial intelligence.
|
| 650 |
|
0 |
|a Industrial productivity.
|
| 650 |
|
0 |
|a Information technology.
|
| 650 |
|
6 |
|a Affaires
|x Recherche.
|0 (CaQQLa)201-0177896
|
| 650 |
|
6 |
|a Intelligence artificielle.
|0 (CaQQLa)201-0008626
|
| 650 |
|
6 |
|a Productivité.
|0 (CaQQLa)201-0030183
|
| 650 |
|
6 |
|a Technologie de l'information.
|0 (CaQQLa)201-0023285
|
| 650 |
|
7 |
|a artificial intelligence.
|2 aat
|0 (CStmoGRI)aat300251574
|
| 650 |
|
7 |
|a information technology.
|2 aat
|0 (CStmoGRI)aat300128218
|
| 655 |
|
7 |
|a Electronic books.
|2 local
|
| 700 |
1 |
|
|a Adedoyin, Festus Fatai,
|d 1989-
|e editor.
|
| 700 |
1 |
|
|a Christiansen, Bryan,
|d 1960-
|e editor.
|
| 710 |
2 |
|
|a IGI Global Online
|
| 776 |
1 |
8 |
|i Print version:
|t Openai and multifactor productivity in business
|d Hershey, PA : Business Science Reference, [2024]
|z 9798369311981
|w (DLC) 2024002062
|
| 830 |
|
0 |
|a Advances in logistics, operations, and management science (ALOMS) book series.
|
| 856 |
4 |
0 |
|u http://proxy.library.tamu.edu/login?url=https://dx.doi.org/10.4018/979-8-3693-1198-1
|z Connect to the full text of this electronic book
|t 0
|
| 945 |
|
|
|b 92141
|
| 955 |
|
|
|a YBP purchased approval e-records
|
| 980 |
|
|
|b ebook
|c 40032307478
|f NONFIC/B
|g 565751
|k USD
|m 228.00
|q 1
|s AcqMono Conventional
|t Approval plan
|u Vendor order reference number
|v ZYBP
|y E-approvals
|z Electronic resource
|
| 999 |
f |
f |
|i 24b110a3-facc-42b2-8b17-a856903fa679
|s 0e85ef54-08c4-4c2a-8cf8-8931e1b6f010
|t 0
|
| 952 |
f |
f |
|a Texas A&M University
|b College Station
|c Electronic Resources
|s www_evans
|d Available Online
|t 0
|e HD30.4 .G46 2024
|h Library of Congress classification
|